01307 a2200181 45000010006000000050017000060080041000230030015000640400040000790800039001192450028001580200018001862640035002043000024002395050815002631000026010787000021011041342220260407155442.0260407a1992 arg spa dAR-UNSa-BCEJYS aAR-UNSa-BCEJYSbspacAR-UNSa-BCEJYS a657.6xAuditoria (control interno)10aInformes de auditoría a950-543-073-6 1aBuenos Aires :bCangalloc1992 axvi, 387 p.c22 cm. a1.Introducción - 2.Disposiciones normativas - 3.La federación internacional de contadores - 4.Las normas de auditoria - 5.Análisis del contenido de la resolución tecnica 7 - 6.El informe corto - 7.Opinión favorable sin salvedades - 8.Opinión favorable con salvedades(determinadas e indeterminadas) - 9.Abstención de opinión - 10.Opinión adversa - 11.Opinión parcial - 12.Opinión sobre estados contables consolidados - 13.Informe sobre estados contables de períodos indeterminados - 14.Negocios de único propietario - 15.Normas sobre informes de los organismos de control y ley 17.250 - 16.Informe extenso - 17.Informe para entidades sin fines de lucro - 18.Informes relacionados con obligaciones tributarias - 19.Informes especiales - 20.Certificaciones - 21.Informes sobre controles.1 aCasal, Armando Miguel1 aWainstein, Mario